Countries With The Biggest Islands - Statistics

General Stats
  • This quiz has been taken 1,603 times
  • The average score is 17 of 18
Answer Stats
Area (km²) Island Country % Correct
785,753 New Guinea Indonesia
99%
2,130,800 Greenland Denmark
98%
227,938 Honshu Japan
98%
209,331 Great Britain United Kingdom
98%
507,451 Baffin Island Canada
97%
Malaysia
97%
Papua New Guinea
97%
587,041 Madagascar Madagascar
96%
145,836 South Island New Zealand
95%
84,421 Ireland Ireland
94%
72,493 Sakhalin Russia
93%
748,168 Borneo Brunei
91%
109,965 Luzon Philippines
91%
104,338 Cuba Cuba
88%
73,929 Hispaniola Haiti
87%
65,268 Sri Lanka Sri Lanka
87%
Dominican Republic
86%
101,826 Iceland Iceland
76%
No matching quizzes found
Score Distribution
Percent of People with Each Score
Percentile by Number Answered
Your Score History
You have not taken this quiz